• 首页
  • 本馆介绍
  • 公告通知
  • 最新文献
  • 馆藏检索
  • 电子资源
  • 读者导购
  • 参考咨询
  • 我的图书馆
  • 登录
  • 详细信息显示
  • 放入我的书架
  • 预约/预借图书
  • 作者相关作品
  • 分类相关作品
  • 丛书相关作品
  • 出版社相关作品

书目信息

  • 表格格式
  • 工作单格式
  • 卡片格式
题名:
宽容
    
 
作者: 范隆 , Van loon 著 ;迮卫 , 靳翠微 译
分册:  
出版信息: 北京   三联书店  1985
页数: 405页
开本: 19cm
丛书名:
单 册:
中图分类: K01 , I712.4
科图分类:
主题词: 文学
电子资源:
ISBN:
000 00846nam0 2200313 450
001 1561468093
005 20150126170457.48
010    @dCNY2.05
091    @a11002.657
100    @a19900921d1985 kemy0chiy0110 ea
101 1  @achi@ceng
102    @aCN@b110000
105    @ay z 000yy
200 1  @a宽容@9kuan rong@f(美)房龙(Van loon,H.)著@g迮卫, 靳翠微译
210    @a北京@c三联书店@d1985
215    @a405页@d19cm
300    @a书名原文:Tolerance
300    @a根据美国利夫莱特出版公司一九四○年版翻译
304    @a著者通译:范隆
510 1  @aTolerance@zeng
606 0  @a文学
690    @aK01@v5
690    @aI712.4@v4
701  1 @a范隆@9fan long@bH.@4著
701  1 @aVan loon@bH.@4著
702  0 @a迮卫@9ze wei@4译
702  0 @a靳翠微@9jin cui wei@c(女)@4译
801  0 @aCN@bTSSF@c20150126
905    @aZUCC@dI712.4@eJY19
    
    宽容/(美)房龙(Van loon,H.)著/迮卫, 靳翠微译.-北京:三联书店,1985
    405页;19cm
    书名原文:Tolerance.-根据美国利夫莱特出版公司一九四○年版翻译
    
    ISBN :CNY2.05
    
●
相关链接 在E读中查询图书 在五车中查询图书 在当当中查询图书 在豆瓣中查询图书


正题名:宽容     索取号:I712.4/JY19         预约/预借

序号 登录号 条形码 馆藏地/架位号 状态 备注
1 7838890   278388905   学院路分馆/ [索取号:I712.4/JY19] 在馆    
2 7838891   278388914   学院路分馆/ [索取号:I712.4/JY19] 在馆    
唐山师范学院图书馆 欢迎您!
大连网信软件有限公司© 版权所有